| 000 | 00393nam a22001457a 4500 | ||
|---|---|---|---|
| 999 |
_c8090 _d8090 |
||
| 003 | OSt | ||
| 005 | 20200706125749.0 | ||
| 008 | 200706b ||||| |||| 00| 0 eng d | ||
| 020 | _a9781405305020 | ||
| 082 |
_a917.471 _bBER |
||
| 100 |
_aBerman, Eleanor, _d1934- |
||
| 245 | _aNew York (Eyewitness Travel Guides) | ||
| 260 |
_bDorling Kindersley Publishers Ltd _cSeptember 9, 1993 |
||
| 942 | _2ddc | ||